000 00466nam a2200193Ia 4500
005 20250423095807.0
008 250422s9999 xx 000 0 und d
020 _a0-13-032758-1
050 _aHF 5635 .I654/
100 _aMichael L. Werner
245 0 _aIntroduction to Accounting : A User Perspective
250 _a2nd
260 _aNew jersey
260 _bPearson Education
260 _c2004
300 _a385 p
650 _aAccounting
942 _cBK
999 _c31350
_d31350